|
|
|
|
| LEADER |
00758nab a2200205 i 4500 |
| 001 |
acta9077 |
| 005 |
20250522131430.0 |
| 008 |
161015s1992 hu o 000 hun d |
| 022 |
|
|
|a 0865-5553
|
| 040 |
|
|
|a SZTE Egyetemi Kiadványok Repozitórium
|b hun
|
| 041 |
|
|
|a hun
|
| 100 |
1 |
|
|a Ötvös Péter
|
| 245 |
1 |
0 |
|a Példázat a gyors halálról
|h [elektronikus dokumentum] :
|b Freyherr Wolff von Unverzagt hirtelen halála : nyersanyag karriertörténetekhez /
|c Ötvös Péter
|
| 260 |
|
|
|a Pompeji Alapítvány
|b Szeged
|c 1992
|
| 300 |
|
|
|a 94-100
|
| 490 |
0 |
|
|a Pompeji
|
| 650 |
|
4 |
|a Bölcsészettudományok
|
| 650 |
|
4 |
|a Nyelvek és irodalom
|
| 695 |
|
|
|a Irodalomtörténet
|
| 856 |
4 |
0 |
|u http://acta.bibl.u-szeged.hu/9077/1/pompeji_1992_003_094-100.pdf
|z Dokumentum-elérés
|